Forestry pesticide aerial spraying : Spray droplet generation, dispersion, and deposition

Bibliographic Details
Main Author: Picot
Other Authors: Kristmanson
Format: Book
Published: Dordrecht, The Netherlands : Kluwer Academic Pub. , 1997
Series:Environmental science and technology library; v. 12
Subjects:

MARC

LEADER 00000cam a2200000 7i4500
001 0000000244
005 20000724.0
020 0 0 |a 0792343719 
090 0 0 |a 634.9694   |b PIC 1997 
100 1 0 |a Picot   |h J.J.C. 
245 1 0 |a Forestry pesticide aerial spraying :   |b Spray droplet generation, dispersion, and deposition   |c by J.J.C. Picot and D.D. Kristmanson 
260 0 0 |a Dordrecht, The Netherlands :   |b Kluwer Academic Pub. ,   |c 1997 
300 |a vii, 213 p. :   |b ill. ;   |c 25 cm. 
440 0 0 |a Environmental science and technology library; v. 12 
500 0 0 |a Includes index 
650 0 0 |a Aerial spraying aand dusting in forestry   |z New Brunswick 
650 0 0 |a Aerial spraying and dusting in forestry 
650 0 0 |a Forest insects   |x Control 
650 0 0 |a Forest insects   |x Control   |z New Brunswick 
700 0 1 |a Kristmanson   |h D.D. 
999 |a 0000001453   |b Monograph   |c Open Shelf   |e Default branch